|
|
|
|
| LEADER |
00000nam a2200000 4500 |
| 001 |
vtls001437516 |
| 003 |
SK-MaSNL |
| 005 |
20260301190656.0 |
| 008 |
251112s1904 hu a f 00100 cze |
| 015 |
|
|
|a SNBHFA
|
| 035 |
|
|
|a SNK000392637
|
| 040 |
|
|
|a SNK
|b slo
|c SNK
|e rda
|
| 041 |
0 |
|
|a cze
|
| 044 |
|
|
|a hu
|c HU
|
| 072 |
|
7 |
|a 27-5
|x Liturgia. Kresťanské umenie a symbolika. Duchovný život
|2 konspekt
|
| 080 |
|
|
|a 27-584
|2 2011
|
| 080 |
|
|
|a 2-532.2/-534
|2 2011
|
| 080 |
|
|
|a 274/278-534.35
|2 2011
|
| 130 |
0 |
|
|a Duchowní
|9 394780
|
| 245 |
1 |
0 |
|a Duchowní Žiwota Studnice, plná Božského Občerstwení; Wyprýsstěná w ráji Pisma Swatého, otewřená od Ducha Swatého, a wssem spasení žádostiwým, a milosti Boží žíznícím srdcím, jak každodenně ráno i wečer, tak také we wsselikých potřebách, kříži a sauženích; ano též při zpowědi, Wečeři Páně, nedělních a swátečních Božích službách, k potěssitedlnému vžíwání Církwe augsspurského wyznání
|c dokonáleji wydaná skrze Eliásse Mlynárowých, měssťana kežmarského
|
| 264 |
|
3 |
|a W Budapessti
|b Tiskem Wiktora Hornyánského
|c 1904
|
| 300 |
|
|
|a 626 strán, 8 nečíslovaných strán
|c 15 cm
|
| 336 |
|
|
|a text
|b txt
|2 rdacontent
|
| 337 |
|
|
|a bez média
|b n
|2 rdamedia
|
| 338 |
|
|
|a zväzok
|b nc
|2 rdacarrier
|
| 500 |
|
|
|a Vlysy, linky, typografické ozdoby, verzály
|
| 501 |
|
|
|a Príväzok 1.: KANCIONÁLIK, obsahující w sobě Písně Duchowní ... W Budapessti : Tiskem Wiktora Hornyánsky, Léta Páně 1896.
|5 SNK SE 6178/prív.1 ; SE 6178/prív.1 D1 ; SE 6178/prív.1 D2 ; SE 6178/prív.1 D3
|
| 504 |
|
|
|a Register
|
| 508 |
|
|
|a Predslov
|
| 546 |
|
|
|a Český text
|b Fraktúra
|
| 561 |
|
|
|a Proveniencia: vlepený Exlibris: Matica Slovenská.-rukopisná poznámka na titulnom liste: Hudolová.-Emerich Piar.
|5 SNK SE 6178
|
| 561 |
|
|
|a Rukopisný provenienčný záznam na prednom prídoští: Anna Navoj Brezno 1912.
|5 SNK SE 6178 D2
|
| 563 |
|
|
|a Väzba: pôvodná, čierna koža s ornamentálnou slepotlačou.
|5 SNK SE 6178
|
| 563 |
|
|
|a Väzba: previazaná, čierna hladká koža.
|5 SNK SE 6178 D1
|
| 563 |
|
|
|a Väzba: previazaná, čierna hladká koža, na prednej a zadnej doske zachované fragmenty pôvodnej väzby.
|5 SNK SE 6178 D2
|
| 563 |
|
|
|a Väzba: pôvodná, čierna koža, v centrálnej časti kalich.
|5 SNK SE 6178 D3
|
| 650 |
0 |
7 |
|a duchovný život
|2 SNKPH
|9 1807
|
| 650 |
0 |
7 |
|a zbožnosť
|2 SNKPH
|9 83649
|
| 650 |
0 |
7 |
|a evanjelické modlitby
|2 SNKPH
|9 67573
|
| 700 |
1 |
|
|a Mlynár, Eliáš,
|d narodený asi 1670-zomrel asi 1720
|4 com
|4 edt
|4 aui
|9 373131
|
| 700 |
1 |
|
|a Seberini, Gustáv Adolf,
|d 1816-1890
|4 aui
|9 218610
|
| 700 |
1 |
|
|a Baltík, Fridrich,
|d 1834-1919
|4 aui
|9 38373
|
| 700 |
1 |
|
|a Piar, Imrich
|4 sgn
|9 566239
|
| 700 |
0 |
|
|a Hudolová
|4 sgn
|9 566240
|
| 700 |
1 |
|
|a Navoj, Anna
|4 fmo
|9 566241
|
| 710 |
2 |
|
|a Matica slovenská
|4 fmo
|9 14662
|
| 752 |
|
|
|a Maďarsko
|d Budapešť
|
| 852 |
|
|
|a snk
|p SE 6178 ; SE 6178 D1 ; SE 6178 D2 ; SE 6178 D3
|
| 958 |
|
|
|a ONDV
|
| 958 |
|
|
|a DG
|
| 999 |
|
|
|c 868391
|d 870321
|
| 952 |
|
|
|a SNK
|b SNK
|y PREZ
|7 0
|p 17A0759048
|o snkSE 6178
|i snkK 771/78
|8 3
|z Rok: 1904
|0 0
|1 0
|4 0
|d 2011-11-09
|l 0
|r 2026-02-24 05:33:53
|w 2026-02-24
|
| 952 |
|
|
|a SNK
|b SNK
|y PREZ
|7 0
|p 17A0269275
|o snkSE 6178 D1
|i snkK 1580/81
|8 3
|z Rok: 1904
|0 0
|1 0
|4 0
|d 2002-07-11
|l 0
|r 2005-01-02 00:00:00
|w 2026-02-24
|
| 952 |
|
|
|a SNK
|b SNK
|y PREZ
|7 0
|p 17A0269287
|o snkSE 6178 D2
|i snkK 1883/81
|8 3
|z Rok: 1904
|0 0
|1 0
|4 0
|d 2002-07-11
|l 0
|r 2005-01-02 00:00:00
|w 2026-02-24
|
| 952 |
|
|
|a SNK
|b SNK
|y PREZ
|7 0
|p 17A1487428
|o snkSE 6178 D3
|i snkK 539/86
|8 3
|z Rok: 1904
|0 0
|1 0
|4 0
|d 2024-12-16
|l 0
|r 2026-02-24 05:33:53
|w 2026-02-24
|